Phía sau một cái chết Chuyện hình sự
Αποθηκεύτηκε σε:
| Κύριος συγγραφέας: | |
|---|---|
| Άλλοι συγγραφείς: | |
| Μορφή: | Βιβλίο |
| Έκδοση: |
Bạc Liêu
Văn nghệ Minh Hải
1987
|
| Θέματα: | |
| Ετικέτες: |
Προσθήκη ετικέτας
Δεν υπάρχουν, Καταχωρήστε ετικέτα πρώτοι!
|
| Thư viện lưu trữ: | Trung tâm Học liệu Lê Vũ Hùng, Trường Đại học Đồng Tháp |
|---|
| LEADER | 00742pam a22002178a 4500 | ||
|---|---|---|---|
| 001 | 00021623 | ||
| 005 | 20171026081025.0 | ||
| 008 | 110525s1987 ||||||Viesd | ||
| 041 | 0 | # | |a Vie |
| 082 | 1 | 4 | |a 891.73 |b PH301S |
| 100 | 0 | # | |a XKorin, I. |
| 245 | 0 | 0 | |a Phía sau một cái chết |b Chuyện hình sự |c I. Xkorin; Anh Côi dịch |
| 260 | # | # | |a Bạc Liêu |b Văn nghệ Minh Hải |c 1987 |
| 300 | # | # | |a 167 tr. |c 19 cm. |
| 650 | # | 4 | |a Truyện kí sự Liên Xô |
| 650 | # | 4 | |a Văn học hiện đại |
| 700 | 0 | # | |a Anh Côi |e dịch |
| 852 | # | # | |b Kho đọc |j KD.0006142 |
| 852 | # | # | |j KD.0006142 |
| 910 | 0 | # | |a B Ngọc |d 25/05/2011 |
| 980 | # | # | |a Trung tâm Học liệu Lê Vũ Hùng, Trường Đại học Đồng Tháp |